| 000 | 00691nam a2200181 a 4500 | ||
|---|---|---|---|
| 001 | 000028765 | ||
| 005 | 20200930055126.0 | ||
| 008 | 110412s1994 dr 000 0 spa d | ||
| 040 |
_aDO-SdBNP _bspa _cBNPHU |
||
| 082 |
_axxx _bC3978t |
||
| 110 | 2 |
_aCentro Nacional de Investigaciones en Salud Materno Infantil _955757 |
|
| 245 | 1 | 3 |
_aEl embarazo en mujeres adolescentes en la República Dominicana : _bAnalisis de estudios realizados entre 1977-1992 / _ceditor Hugo R. Mendoza. |
| 260 |
_aSanto Domingo : _bCENISMI, _c1994. |
||
| 300 |
_a63 p. ; _c28 cm. |
||
| 490 | 1 |
_aPublicaciones técnicas _vv. 1 |
|
| 700 | 1 |
_aMendoza, Hugo R., _eed. _96390 |
|
| 830 | 0 |
_aPublicaciones técnicas _vv. 1 _955758 |
|
| 999 |
_c28257 _d28257 |
||